Statistics for All countries in the IPA

Click here to take the quiz!

General Stats

  • This quiz has been taken 250 times
  • The average score is 161 of 196

Answer Stats

HintAnswer% Correct
viˌɛtˈnɑmVietnam
100%
ˈbɛl dʒəmBelgium
98%
ˌnɪk əˈrɑ gwəNicaragua
95%
ˈswid nSweden
95%
æfˈgæn əˌstænAfghanistan
94%
ˈbɒz ni ə ænd ˌhɛr tsə goʊˈvi nəBosnia and Herzegovina
94%
ˈkɒs tə ˈri kəCosta Rica
94%
ʊzˈbɛk əˌstænUzbekistan
94%
ˈlɑ oʊsLaos
92%
kæmˈboʊ di əCambodia
91%
tɜrk mɛ nəˈstænTurkmenistan
91%
nəˈpɔlNepal
90%
zɪmˈbɑb weɪZimbabwe
90%
brʊˈnaɪBrunei
89%
dʒɪˈbu tiDjibouti
89%
ˌgwɑ təˈmɑ ləGuatemala
89%
bɑrˈbeɪ doʊsBarbados
88%
bəˈlizBelize
88%
ˈzæm bi əZambia
88%
bəˈhɑ məzBahamas
87%
ˌbɑŋ gləˈdɛʃBangladesh
87%
ˈbɛləˌrʌsBelarus
87%
ɛl ˈsæl vəˌdɔrEl Salvador
87%
hɒnˈdʊər əsHonduras
87%
ˈsaw toˈmɛ ænd ˈprin.si.piSão Tomé and Príncipe
87%
saʊθ kəˈri əSouth Korea
87%
ˈswɪt sər ləndSwitzerland
87%
ˈtaɪˈwɑnTaiwan
87%
'tɒŋ gəTonga
87%
ˈgæm bi əGambia
86%
ˈlɛb ə nənLebanon
86%
mɔlˈdoʊ vəMoldova
86%
ˈtɜr kiTurkey
86%
bɑˈreɪnBahrain
85%
buˈtɑnBhutan
85%
brəˈzɪlBrazil
85%
ˌkæm əˈrunCameroon
85%
ˈfɪn ləndFinland
85%
grɪˈneɪ dəGrenada
85%
nɑˈu ruNauru
85%
roʊˈmeɪ ni əRomania
85%
ˌsɛn ɪˈgɔlSenegal
85%
ˈsɜr bi əSerbia
85%
ˈtrɪn ɪˌdæd ænd təˈbeɪ goʊTrinidad and Tobago
85%
yuˈnæ tɪd ˈær əb əˈmɪər ɪtsUnited Arab Emirates
85%
yuˈnaɪ tɪd ˈkɪŋ dəmUnited Kingdom
85%
ænˈdɔr əAndorra
84%
bʌlˈgɛər i əBulgaria
84%
kroʊˈeɪ ʃəCroatia
84%
ɛˈstoʊ ni əEstonia
84%
ɪˈrænIran
84%
ˈkɛn yəKenya
84%
pəˈruPeru
84%
ˈpoʊ ləndPoland
84%
speɪnSpain
84%
suˈdænSudan
84%
ˈtu vəˌluTuvalu
84%
yuˈnaɪ tɪd ˈsteɪtsUnited States
84%
bɛˌninBenin
83%
bɒtˈswɑ nəBotswana
83%
bərˈki nə ˈfɑ soʊBurkina Faso
83%
ˈkæn ə dəCanada
83%
ˈsɛn trəl ˈæf rɪ kən rɪˈpʌb lɪkCentral African Republic
83%
ˌɛ.swɑːˈti.nieSwatini
83%
frænsFrance
83%
ˈgɑ nəGhana
83%
ˈhʌŋ gə riHungary
83%
ˈɪn di əIndia
83%
ˈlæt vi əLatvia
83%
ləˈsu tuLesotho
83%
məˈlɑ wiMalawi
83%
mɒŋˈgoʊ li əMongolia
83%
ˈmi ən mɑrMyanmar
83%
ˈnɔr weɪNorway
83%
oʊˈmɑnOman
83%
pɑːˈlaʊPalau
83%
ˈpɔr tʃə gəlPortugal
83%
ˈkɑ tɑrQatar
83%
ruˈɑn dəRwanda
83%
seɪnt kɪts ænd ˈni vɪsSaint Kitts and Nevis
83%
ˈsɪŋ gəˌpɔrSingapore
83%
ˈtaɪˌlændThailand
83%
tuˈni ʒəTunisia
83%
yuˈgæn dəUganda
83%
ˌvɛn əˈzweɪ ləVenezuela
83%
ˈyɛm ənYemen
83%
ˌɑr dʒənˈti nəArgentina
82%
ɑrˈmi ni əArmenia
82%
ˌɑ zər baɪˈdʒɑnAzerbaijan
82%
bʊˈrʊn diBurundi
82%
ˈgɪn iGuinea
82%
ˈgɪn i bɪˈsaʊGuinea-Bissau
82%
ˈheɪ tiHaiti
82%
ɪˈrækIraq
82%
ˌkɑ zɑkˈstɑnKazakhstan
82%
kɔsɔvɔKosovo
82%
kʊˈweɪtKuwait
82%
ˈmɑ liMali
82%
ˈmɒn əˌkoʊMonaco
82%
ˌmoʊ zæmˈbikMozambique
82%
nəˈmɪb i əNamibia
82%
ˈpæp yu ə nyu 'gɪn iPapua New Guinea
82%
ˈpær əˌgwaɪParaguay
82%
seɪnt ˈluːʃəSaint Lucia
82%
seɪnt ˈvɪn sənt ænd ðə ˌgrɛn əˈdinzSaint Vincent and the Grenadines
82%
səˈmoʊ əSamoa
82%
siˈɛr ə liˈoʊ niSierra Leone
82%
soʊˈmɑ li əSomalia
82%
ˌsri ˈlɑŋ kəSri Lanka
82%
ˈsʊər əˌnɑmSuriname
82%
ˈsɪər i əSyria
82%
ælˈbeɪ ni əAlbania
81%
æŋˈgoʊ ləAngola
81%
ænˈti gə ænd bɑrˈbu dəAntigua and Barbuda
81%
ˈdɛn mɑrkDenmark
81%
ˌdɒm əˈni kəDominica
81%
ˈɛk wəˌdɔrEcuador
81%
ˌɛr ɪˈtri əEritrea
81%
ˈfi dʒiFiji
81%
gæˈbɒnGabon
81%
grisGreece
81%
ˌɪn dəˈni ʒəIndonesia
81%
kɛːɹ.ɡɪˌstænKyrgyzstan
81%
laɪˈbɪər i əLiberia
81%
ˌmæd əˈgæs kərMadagascar
81%
ˈmɔl təMalta
81%
ˈnɛð ər ləndzNetherlands
81%
nyu ˈzi ləndNew Zealand
81%
ˈnɔrθ kəˈri əNorth Korea
81%
pæk əˌstænPakistan
81%
ˈpæn əˌmɑPanama
81%
ˈsaʊ di əˈreɪ bi əSaudi Arabia
81%
sloʊˈvɑ ki əSlovakia
81%
sloʊˈvi ni əSlovenia
81%
ˈsoʊθ suˈdænSouth Sudan
81%
təˈdʒɪk əˌstænTajikistan
81%
ˌtæn zəˈni əTanzania
81%
ˈtɔ gɔTogo
81%
ˌvɑ nuˈɑ tuVanuatu
81%
ɔˈstreɪl yəAustralia
80%
bəˈlɪv i əBolivia
80%
ˈkyu bəCuba
80%
ˈi dʒɪptEgypt
80%
ˈaɪs ləndIceland
80%
ˈaɪər ləndIreland
80%
ˈɪz ri əlIsrael
80%
ˈlɪb i əLibya
80%
ˈlʌk səmˌbɜrgLuxembourg
80%
ˌmɔr ɪˈteɪ ni əMauritania
80%
ˈmɛk sɪˌkoʊMexico
80%
ˌmɒn təˈni groʊMontenegro
80%
məˈrɒk oʊMorocco
80%
ˌsæn məˈri noʊSan Marino
80%
ˈsɒl ə mən ˈaɪləndzSolomon Islands
80%
yuˈkreɪnUkraine
80%
ˈvæt ɪ kən ˈsɪt iVatican City
80%
ælˈdʒɪər i əAlgeria
79%
tʃɛk rɪˈpʌb lɪkCzech Republic
79%
ˈist ˈti mɔrEast Timor
79%
ˈfɛd əˌreɪt steɪts ɒvˌmaɪ krəˈni ʒəFederated States of Micronesia
79%
ˈɪt l iItaly
79%
məˈleɪ ʒəMalaysia
79%
ˈnaɪ dʒərNiger
79%
nɔrθ ˌmæs ɪˈdoʊ ni əNorth Macedonia
79%
saʊθ ˈæf rɪ kəSouth Africa
79%
ˈɔ stri əAustria
78%
kəˈlʌm bi əColombia
78%
ˈsaɪ prəsCyprus
78%
ˌdɛm əˈkræt ɪ rɪˈpʌb lɪk
ɒv ðə ˈkɒŋ goʊ
Democratic Republic
of the Congo
78%
dəˈmɪn ɪ kən rɪˈpʌb lɪkDominican Republic
78%
ˈaɪ və ri koʊstIvory Coast
78%
dʒəˈpænJapan
78%
seɪˈʃɛlzSeychelles
78%
ˈyʊər əˌgweɪUruguay
78%
ˌi kwəˈtɔr i əl ˈgɪn iEquatorial Guinea
77%
ˈmɔl divzMaldives
77%
ˈmɑr ʃəl ˈaɪləndzMarshall Islands
77%
naɪˈdʒɪər i əNigeria
77%
ˈfɪl əˌpinzPhilippines
77%
keɪp vɜrdCape Verde
76%
ˌi θiˈoʊ pi əEthiopia
76%
ˈdʒɔr dʒəGeorgia
76%
dʒəˈmeɪ kəJamaica
76%
ˈlɪk tənˌstaɪnLiechtenstein
76%
gaɪˈæn əGuyana
75%
ˈdʒɔr dnJordan
75%
rɪˈpʌb lɪk ɒv ðə ˈkɒŋ goʊRepublic of the Congo
75%
tʃædChad
74%
ˈdʒɜr mə niGermany
74%
ˈkɒm əˌroʊzComoros
73%
ˈkɪər əˌbæsKiribati
73%
ˌlɪθ uˈeɪ ni əLithuania
73%
ˈtʃaɪ nəChina
70%
mɔˈrɪʃ əsMauritius
69%
ˈtʃɪl iChile
65%
ˈrʌʃ əRussia
65%

Score Distribution

Percentile by Number Answered

Percent of People with Each Score

Your Score History

You have not taken this quiz